Tool deterioration : best practices /

Salvato in:
Dettagli Bibliografici
Autori principali: De Vos, Patrick (Autore), Stahl, Jan-Eric (Autore)
Natura: Libro
Lingua:inglese
Pubblicazione: Fagersta Seco Tools, AB 2014
Soggetti:
Tags: Aggiungi Tag
Nessun Tag, puoi essere il primo ad aggiungerne!!

MARC

LEADER 00000nam a22000003a 4500
001 0005504
003 SK-STU
005 20150619083522.3
007 ta
008 150619s ----xo-----e------000-0-----d
040 |a STU  |b slo 
041 0 |a eng 
044 |a sw 
080 |a 621.9 
100 1 |a De Vos, Patrick  |4 aut 
245 1 0 |a Tool deterioration :  |b best practices /  |c aut. Patrick De Vos, Jan-Eric Stahl 
260 |a Fagersta  |b Seco Tools, AB  |c 2014 
300 |a 171 p. 
650 0 7 |a obrábacie nástroje 
650 0 7 |a výrobné nástroje 
650 0 7 |a deformácia materiálu 
700 1 |a Stahl, Jan-Eric  |4 aut 
996 |b 284M086448  |c M* 13794-1  |l MMKN  |s A  |a 24  |w 0005504_0001 
996 |b 284M086449  |c M* 13794-2  |l MMKN  |s A  |a 24  |w 0005504_0002 
996 |b 284M086450  |c M* 13794-3  |l MMKN  |s A  |a 24  |w 0005504_0003 
996 |b 284M086451  |c M* 13794-4  |l MMKN  |s A  |a 24  |w 0005504_0004 
996 |b 284M086452  |c M* 13794-5  |l MMKN  |s A  |a 24  |w 0005504_0005